| 000 | 00417nam a2200181Ia 4500 | ||
|---|---|---|---|
| 001 | 2008 | ||
| 005 | 20260306143810.0 | ||
| 008 | 260306t2015||||xx |||||||||||||| ||spa|| | ||
| 041 | _aESP | ||
| 082 |
_a610.28 _bB84D |
||
| 100 |
_aBronzino, Joseph D. _eAUT |
||
| 245 | 0 | _aBiomedical engineering fundamentals | |
| 260 | _c2015 | ||
| 300 |
_a _c26 cm. |
||
| 650 | _aGEN | ||
| 654 | _aCIM | ||
| 942 |
_cLIB _dJUS _fJUS _2ddc _n |
||
| 999 |
_c2008 _d2008 |
||